| 000 | 00497nam a2200169 a 4500 | ||
|---|---|---|---|
| 001 | 000036878 | ||
| 005 | 20200930080007.0 | ||
| 008 | 120202s2005 ck a 000 0 spa d | ||
| 040 |
_aDO-SdBNP _bspa _cBNPHU |
||
| 245 | 0 | 0 |
_aChifa : _blo mejor de la comida china. |
| 260 |
_aBogotá : _bLexus Editores, _c2005. |
||
| 300 |
_a195 p. : _bil. ; _c34 cm. |
||
| 650 | 2 | 4 |
_aComida china _963246 |
| 650 | 2 | 4 |
_aRecetas de cocina _947089 |
| 650 | 2 | 4 |
_aGastronomÃa china _963247 |
| 650 | 2 | 4 |
_aChifa (cocina) _963248 |
| 999 |
_c36369 _d36369 |
||